|
|
|
|
| LEADER |
01141nam a2200313 a 4500 |
| 001 |
378 |
| 003 |
BD-DhAAL |
| 005 |
20150513122329.0 |
| 008 |
150513s1995 ilua 001 0 eng |
| 010 |
|
|
|a 94240411
|
| 020 |
|
|
|a 0256164649
|
| 040 |
|
|
|a DLC
|c DLC
|d DLC
|d BD-DhAAL
|
| 050 |
0 |
0 |
|a HF5548.4.L67
|b H875 1995
|
| 082 |
0 |
0 |
|a 650/.0285/5369
|2 20
|
| 100 |
1 |
|
|a Clifford, Sarah Hutchinson.
|9 10996
|
| 245 |
1 |
0 |
|a Lotus 1-2-3 for Windows, release 4 /
|c Sarah E. Hutchinson, Stacey C. Sawyer, Glen J. Coulthard.
|
| 260 |
|
|
|a Chicago :
|b Irwin,
|c c1995.
|
| 300 |
|
|
|a x, 199 p. :
|b ill. ;
|c 28 cm.
|
| 490 |
|
|
|a The Irwin advantage series for computer education
|
| 500 |
|
|
|a Includes index.
|
| 541 |
|
|
|e 378
|
| 630 |
0 |
0 |
|a 1-2-3 for Windows.
|9 10997
|
| 650 |
|
0 |
|a Business
|x Computer programs.
|9 9019
|
| 650 |
|
0 |
|a Electronic spreadsheets.
|9 9597
|
| 700 |
1 |
|
|a Sawyer, Stacey C.
|9 10998
|
| 700 |
1 |
|
|a Coulthard, Glen J.
|9 10999
|
| 942 |
|
|
|2 ddc
|c BK
|
| 999 |
|
|
|c 34404
|d 34404
|
| 952 |
|
|
|0 0
|1 0
|2 ddc
|4 0
|6 650_028553690000000_CLI
|7 0
|9 53712
|a SCL
|b SCL
|c GEN
|d 2015-05-13
|e Gift: The Asia Foundation
|l 0
|o 650.02855369 CLI
|p 3020000378
|r 2015-05-13
|t 1
|w 2015-05-13
|y BK
|